Snuff a poem : by Mr. James Arbuckle.

Bibliographic Details
Main Author: Arbuckle, James
Format: eBook
Language:English
Series:Eighteenth century collections online.
Online Access:Full text online

MARC

Tag First Indicator Second Indicator Subfields
LEADER 00000cam a2200000 4500
001 in00001925005
006 m | d |
007 cr |n||||||||n
008 790922s1719 stk|||| s 00||||eng d
005 20260406214407.0
035 |a (CStRLIN)ESTCT53052 
040 |a Uk-ES  |c Uk-ES  |d CStRLIN  |d Thomson Gale  |d UtOrBLW 
100 1 |a Arbuckle, James. 
245 1 0 |a Snuff a poem :  |b by Mr. James Arbuckle. 
264 3 |a Edinburgh :  |b printed by Mr. James M'Euen and Company for the author, and to be sold by Mr. James M'Euen, and by the booksellers in Glasgow,  |c 1719. 
300 |a 6 unnumbered pages, 32p. ;  |c 8⁰. 
336 |a text  |b txt  |2 rdacontent 
337 |a computer  |b c  |2 rdamedia 
338 |a online resource  |b cr  |2 rdacarrier 
500 |a Reproduction of original from the British Library. 
510 4 |a Foxon,  |c A288 
510 4 |a English Short Title Catalog,  |c ESTCT53052. 
533 |a Electronic reproduction.  |b Farmington Hills, Mich. :  |c Thomson Gale,  |d 2003.  |n Available via the World Wide Web.  |n Access limited by licensing agreements  |7 s2003 miunns 
500 |a Electronic resource. 
830 0 |a Eighteenth century collections online. 
856 4 0 |u http://proxy.library.tamu.edu/login?url=https://galenet.galegroup.com/servlet/ECCO?c=1&stp=Author&ste=11&af=BN&ae=T053052&tiPG=1&dd=0&dc=flc&docNum=CW116308286&vrsn=1.0&srchtp=a&d4=0.33&n=10&SU=0LRK&locID=txshracd2898  |z Full text online  |t 0 
999 |a MARS 
999 f f |s 48244f81-e496-3e03-9ed6-41a5c8a40c29  |i 10f1851a-e69e-347d-9aa2-03732e8770c9  |t 0 
952 f f |a Texas A&M University  |b College Station  |c Electronic Resources  |s www_evans  |d Available Online  |t 0  |h No information provided 
998 f f |t 0  |l Available Online